[Event "Avoine op 20th"]
[Site "Avoine"]
[Date "2005.07.27"]
[Round "5"]
[White "Demoulin, Paul"]
[Black "Da Silva, Ludovic"]
[Result "0-1"]
[WhiteElo "2069"]
[BlackElo "1860"]
[PlyCount "94"]
[EventDate "2005.07.23"]
[EventType "swiss"]
[EventRounds "9"]
[EventCountry "FRA"]
[SourceTitle "EXT 2007"]
[Source "ChessBase"]
[SourceDate "2006.11.23"]
[SourceVersion "1"]
[SourceVersionDate "2006.11.23"]
[SourceQuality "1"]

1. e4 c5 2. Nf3 Nc6 3. d4 cxd4 4. Nxd4 Nf6 5. Nc3 e5 6. Nb3 Bb4 7. Bg5 h6 8. Bxf6 Qxf6 9. Bc4 Qg6 10. Qd3 d6 11. 0-0-0 Bxc3 12. Qxc3 0-0 13. f3 Rd8 14. g4 Be6 15. h4 Rac8 16. Bxe6 Qxe6 17. Qd2 a5 18. Qd5 a4 19. Qxe6 fxe6 20. Nd2 Nb4 21. Kb1 Nxc2 22. Rc1 Nd4 23. Rc3 Rc6 24. Rxc6 bxc6 25. Rc1 c5 26. Rc3 Ra8 27. Ra3 Nb5 28. Rd3 Kf7 29. Nc4 Ke7 30. Kc1 Nd4 31. Ra3 Ra6 32. Nd2 d5 33. b3 Nb5 34. Rxa4 Rxa4 35. bxa4 Nc3 36. a5 Nxa2+ 37. Kb2 Nb4 38. Kb3 Kd6 39. Kc3 Kc6 40. g5 Kb5 41. g6 Nc6 42. Nf1 d4+ 43. Kd2 c4 44. Ng3 c3+ 45. Kd1 d3 46. Nh5 c2+ 47. Kc1 Nd4 0-1